Central Library OPAC University of Rajshahi

Japan, China and the West / (Record no. 45565)

MARC details
000 -LEADER
fixed length control field 00863mam a2200265 4500
001 - CONTROL NUMBER
control field 45565
003 - CONTROL NUMBER IDENTIFIER
rucl marc code BD-RjUL
005 - DATE AND TIME OF LATEST TRANSACTION
control field 20211209054032.0
008 - FIXED-LENGTH DATA ELEMENTS--GENERAL INFORMATION
fixed length control field 160727s1959 dcu 000 0 eng u
035 ## - SYSTEM CONTROL NUMBER
System control number (OCoLC)ocm00929210
System control number (BD-RjUL)45683
040 ## - CATALOGING SOURCE
Transcribing agency MDY
Modifying agency UKM
Original cataloging agency BD-RjUL
Language of cataloging eng
041 ## - LANGUAGE CODE
Language code of text/sound track or separate title eng
082 04 - DEWEY DECIMAL CLASSIFICATION NUMBER
Classification number 382.0952
Edition number 18
Author mark and year SAJ 1959
100 1# - MAIN ENTRY--PERSONAL NAME
Personal name Sapir, Michael,
Dates associated with a name 1913-
9 (RLIN) 139484
245 10 - TITLE STATEMENT
Title Japan, China and the West /
Statement of responsibility, etc. Michael Sapir
260 ## - PUBLICATION, DISTRIBUTION, ETC. (IMPRINT)
Place of publication, distribution, etc. [Washington] :
Name of publisher, distributor, etc. National Planning Association,
Date of publication, distribution, etc. [1959]
300 ## - PHYSICAL DESCRIPTION
Pagination xi, 79 p. :
Illustrations ill. ;
Size 23 cm.
490 1# - SERIES STATEMENT
Series statement The economics of competitive co-existence.
504 ## - BIBLIOGRAPHY, ETC. NOTE
Bibliography, etc Bibliographical references included in "Notes" (p. 72-76)
651 #0 - SUBJECT ADDED ENTRY--GEOGRAPHIC NAME
Geographic name Japan
General subdivision Commercial policy.
9 (RLIN) 139485
830 #0 - SERIES ADDED ENTRY--UNIFORM TITLE
Uniform title Economics of competitive coexistence.
942 ## - ADDED ENTRY ELEMENTS (KOHA)
Source of classification or shelving scheme Dewey Decimal Classification
Koha item type Books
Holdings
Lost status Source of classification or shelving scheme Damaged status Not for loan Collection code Permanent Location Current Location Shelving location Date acquired Source of acquisition Cost, normal purchase price Total Checkouts Full call number Date last seen Copy number Koha item type
  Dewey Decimal Classification     Non-fiction Central Library, University of Rajshahi Central Library, University of Rajshahi   12/11/1965 Zeithlinger 16.00   382.0952 SAJ 1959 27/07/2016 C-2 Books